000 01069nas a2200277 4500
001 BR9200835
003 BR-BrBNA
005 20231205092319.0
007 ta
008 230509b bl.|||p| |||| 00| 00por d
040 _aBR-BrBNA
_bpor
_cBiblioteca Nacional de Agricultura
041 _a(Pt)
072 _aH10
100 1 _aHabib, M.E.M.
100 1 _aAndrade, C.F.S.
100 1 _aRossi, W.L.
245 1 _aRespostas de populacoes de Anticarsia gemmatalis Hubner, 1818 e Pseudoplusia includens (Walker, 1857)(Lepidoptera, Noctuidae)a inseticidas a base de carbaryl e endosulfan
246 1 _aPopulation responses of Anticarsia gemmatalis Hubner, 1818 and Pseudoplusia includens (Walker, 1857)(Lepidoptera, Noctuidae)to insecticides based on carbaryl and endosulfan
650 _aSOJA
650 _aLAGARTA
650 _aINSETICIDA
650 _aCONTROLE QUIMICO
773 0 _tAnais da Sociedade Entomologica do Brasil (Brazil)
_xISSN 0301-8059
_g(1990), v. 19(1) p. 17-26
_wBR9200835
909 _a202311
_bLúcia
_c55
_dLúcia Elande
942 _2AGRIS
_n0
_cANA
999 _c130863
_d130863